Регионална библиотека "Любен Каравелов" - Русе

Айседора Дънкан (Запис номер 326663)

MARC детайли
000 -Лидер
Контролно поле с фиксирана дължина nam a22 a 4500
003 - Код на организацията, давaща контролен номер
Контролно поле BLK
005 - Дата и час на последна редакция
Контролно поле 20181219170925.0
008 - Елементи от данни с фиксирана дължина
fixed length control field 181123b bu ||||| |||| 00| 0 bu d
020 ## - Международен стандартен номер на книга ISBN
Международен стандартен номер на книга ISBN 9786191531677
040 ## - Източник на каталожния запис
Идентификатор на билиотеката - собственик на записа BLK
041 ## - Код за език
Код за езика на текст/звукозапис или на отделно заглавие Български
Код за езика КДБФ Български
080 ## - УДК
Текстов определител УДК Балетни танци - изпълнители
УДК код - определител по УДК 793.32.071.2
УДК - код + определител 793.32.071.2(73)(092)
080 ## - УДК
Текстов определител УДК Американска танцьорка
УДК код - определител по УДК 929 Дънкан, Айседора
УДК - код + определител 929 Дънкан, Айседора
100 1# - Редна дума - Автор
R(LIN) 327679
Автор Андреева, Юлия Игоревна
Авторска отговорност първи автор
139 ## - Редно поле
Редна дума Андреева, Юлия Игоревна
Авторски знак Андр - А 66
240 ## - Унифицирано заглавие
Унифицирано заглавие Айседора Дункан. Модерн на босу ногу. български език
245 ## - Сведения за заглавието
Заглавие Айседора Дънкан
Подзаглавни данни модерн на бос крак
260 ## - Област на издателските данни
9 (RLIN) 211388
Място на издаване, разпространение и проч. София
Име на издателя, разпространителя и проч. Паритет
Година на издаване 2017 г.
Печатница Дайрект сървисиз
Издателство - префикс ISBN 978-619-153- ; 978-954-92480- ; 978-954-9886- ; 5-93437-
300 ## - Физическа характеристика
Страници 360 с.
Илюстрации и др. с ил.
Размери/Мащаб 21 см
380 ## - Жанр
Жанр Литературознание
500 ## - Общи забележки
Забележка Ориг. загл. установено от доп. източник: Айседора Дункан. Модерн на босу ногу
650 #7 - Допълнително описание по предмет – тема
9 (RLIN) 153925
Основно описание – тема или топоним Дънкан, Айседора
653 #7 - Ключова дума – ненормативна
9 (RLIN) 181990
Ключова дума биографии
653 #7 - Ключова дума – ненормативна
9 (RLIN) 197993
Ключова дума танци
653 #7 - Ключова дума – ненормативна
9 (RLIN) 181607
Ключова дума балет
653 #7 - Ключова дума – ненормативна
9 (RLIN) 191298
Ключова дума модерен балет
700 ## - Други автори (авторска отговорност)
9 (RLIN) 274851
Лично име Цветкова, Горанка
Автороска отговорност (Описва отношението между автора и произведението) прев.
852 ## - Местоположение
Форматна сигнатура Цб 291868
999 ## - СИСТЕМНИ КОНТРОЛНИ НОМЕРА
Koha biblionumber 326663
Koha biblioitemnumber 326663
942 ## - АРТИКУЛИ
Вид на библиотечния материал Книги
Скрит в OPAC Не
944 ## - СЪЗДАВАНЕ И РЕДАКЦИЯ на ЗАПИСА
Създаване/Редакция Създаване
Дата на регистрацията/редакция 2018-11-23
Служител, извършил регистрацията/редакцията Тони Тончев
Статус, дата на статуса 2018-11-23
999 ## - СИСТЕМНИ КОНТРОЛНИ НОМЕРА
Koha biblioitemnumber 326663
Наличности
Код за отписване Код за изгубен артикул Източник на класификационната схема Код за повреда Коз за рестрикции Код за отдаване Артикулен № Име на библиотеката - собственик Име на библиотеката, в която се намира в момента Статус (Текущо местоположение) Дата на вписване в системата Местоположение - отдел Цена в лева Систематично азбучна сигнатура Баркод Цена в евро Служебен тип на артикула
  Не е изгубен Universal Decimal Classification Не е повреден без рестрикции ползва се в читалня 683119 Регионална библиотека "Любен Каравелов" Русе Регионална библиотека "Любен Каравелов" Русе Хранилище 2018-11-28 Хранилище 17.90 Цб 291868 120000825925 9.15 Книги
Vip Innovations Ltd, Rousse, Bulgaria 2025